000 00482nam a22001457a 4500
999 _c3592
_d3592
008 200622b ||||| |||| 00| 0 eng d
082 0 0 _a671.2
_bN738
110 _92965
_aNational Metallurgical Laboratory, Jamshedpur.
245 1 0 _aProceedings symposium on recent developments in foundry technology
_cby National Metallurgical Laboratory
260 _aJamshedpur
_bNational Metallurgical Laboratory
_c1958
300 _a396p.
365 _d20.00
650 0 _aFounding
942 _cBK